| 000 | 00504nam a2200157 a 4500 | ||
|---|---|---|---|
| 001 | 000031561 | ||
| 005 | 20200930063021.0 | ||
| 008 | 110627s1969 dr ac 000 0 spa d | ||
| 040 |
_aDO-SdBNP _bspa _cBNPHU |
||
| 245 | 0 | 0 | _aTú y la sociedad. |
| 260 |
_a[Santo Domingo] : _bTeide : _bInstituto Americano del Libro, _c[196?]. |
||
| 300 |
_a24 p. : _bil., retrs. ; _c26 cm. |
||
| 490 | 1 | _aBiblioteca básica de cultura dominicana | |
| 830 | 0 |
_aBiblioteca básica de cultura dominicana _957911 |
|
| 049 | _aBNPD | ||
| 999 |
_c31053 _d31053 |
||